|
|
|
|
| LEADER |
00000nam0a2200000 4500 |
| 001 |
216535 |
| 005 |
20231031194310.0 |
| 035 |
|
|
|a (RuTPU)RU\TPU\book\236507
|
| 090 |
|
|
|a 216535
|
| 100 |
|
|
|a 20120526d1949 m y0rusy50 ca
|
| 101 |
1 |
|
|a eng
|
| 102 |
|
|
|a RU
|
| 105 |
|
|
|a y z 001zy
|
| 200 |
1 |
|
|a Капитализм и его культура
|e пер. с англ.
|f Д. Дэвис
|
| 210 |
|
|
|a Москва
|c Иностранная литература
|d 1949
|
| 215 |
|
|
|a 540 с.
|
| 320 |
|
|
|a Библиогр.: с. 517-534.
|
| 610 |
1 |
|
|a капитализм
|
| 610 |
1 |
|
|a культура
|
| 610 |
1 |
|
|a капиталистическое общество
|
| 610 |
1 |
|
|a империализм
|
| 610 |
1 |
|
|a образ жизни
|
| 610 |
1 |
|
|a мораль
|
| 675 |
|
|
|a 33Б
|v 3
|
| 700 |
|
1 |
|a Дэвис
|b Д.
|g Джером
|
| 801 |
|
1 |
|a RU
|b 63413507
|c 20120526
|
| 801 |
|
2 |
|a RU
|b 63413507
|c 20120821
|g RCR
|
| 942 |
|
|
|c BK
|